| 000 | 00897nam a2200241 i 4500 | ||
|---|---|---|---|
| 001 | 17069 | ||
| 003 | ES-MaACL | ||
| 005 | 20230906151510.0 | ||
| 007 | t| | ||
| 008 | 181200s1975 sp ||||1| spa d | ||
| 020 | _a84-249-3469-5 | ||
| 080 | _a860(=927)-34"15" | ||
| 080 | _a398.223(46)"15" | ||
| 245 | 0 | 3 |
_aEl libro de las batallas _b: narraciones épico-caballarescas. |
| 260 |
_aMadrid : _bGredos, _c[1975] |
||
| 300 |
_a2 v. : _bil. ; _c19 cm. |
||
| 490 | 1 |
_aColección de literatura española aljamiado-morisca ; _v2,1-2 |
|
| 505 | 8 | _aContiene: 1. Estudio literario del texto por Alvaro Galmés de Fuentes -- 2. Estudio lingüístico y glosario por Alvaro Galmés de Fuentes. | |
| 700 | 1 |
_aGalmés de Fuentes, Alvaro. _953660 |
|
| 830 | 0 |
_aColección de literatura española aljamiado-morisca ; _v2,1-2 _9180235 |
|
| 852 |
_aES-MaACL _jL-24054-55 _bR.129425 |
||
| 999 |
_c17069 _d17069 |
||